000 00706nam a2200193Ia 4500
999 _c59433
_d59433
003 GCL
005 20240530110229.0
008 140319s9999 xx 000 0 ara d
040 _aGCL /
_cGCL
082 0 4 _aم
_b011
_bم ث
100 1 _aمركز الببليوجرافيا والحساب الع
245 1 0 _aالثبت الببليوجرافى للاعمال المترجمة 1985-1974 /
_cمركز الببليوجرافيا والحساب الع
260 _a[S.N] :
_bالهيئة المصرية العامة للكتاب ،
_c1991
300 _a214 ص
490 _aالاعمال الروائية
_v0
650 0 4 _aالكتب
650 0 4 _aالاعمال المترجمة
942 _2ddc
_cREF